Reconocimiento internacional de Palestina - Estadísticas

Estadísticas generales
  • Esta prueba ha sido intentada 33 veces
    10 desde el último reinicio
  • La puntuación promedio es 97 de 156
Estadísticas de respuestas
Año Países % Correcto
2010 Argentina
100%
2010 Brasil
100%
2011 Chile
100%
2018 Colombia
100%
1988 Cuba
100%
2025 Francia
100%
2011 Perú
100%
2025 Portugal
100%
2009 República Dominicana
100%
2009 Venezuela
100%
1988 Afganistán
83%
1988 Argelia
83%
2025 Australia
83%
1992 Azerbaiyán
83%
1988 Bielorrusia
83%
2010 Bolivia
83%
1988 Burkina Faso
83%
2025 Canadá
83%
1988 China
83%
1988 Chipre
83%
1988 Egipto
83%
2024 España
83%
2011 Guyana
83%
1988 India
83%
1988 Indonesia
83%
2011 Islandia
83%
2024 Jamaica
83%
1988 Jordania
83%
2025 México
83%
2006 Montenegro
83%
1988 Níger
83%
1988 Nigeria
83%
2024 Noruega
83%
1988 Omán
83%
1988 Pakistán
83%
1994 Papúa Nueva Guinea
83%
1988 Polonia
83%
2025 Reino Unido
83%
1988 República del Congo
83%
1988 República democrática del Congo
83%
1988 Rumanía
83%
1988 Rusia
83%
1988 Serbia
83%
1988 Sudán
83%
2011 Sudán del sur
83%
2011 Surinam
83%
1988 Togo
83%
2011 Uruguay
83%
1988 Yemen
83%
1988 Arabia Saudí
67%
2024 Armenia
67%
1988 Bangladés
67%
1992 Bosnia y Herzegovina
67%
1988 Brunei
67%
1988 Bulgaria
67%
1988 Chad
67%
1988 Corea del Norte
67%
2008 Costa Rica
67%
2010 Ecuador
67%
2011 El Salvador
67%
1988 Emiratos Árabes Unidos
67%
1989 Etiopía
67%
1988 Gambia
67%
1992 Georgia
67%
1988 Ghana
67%
1988 Guinea
67%
2013 Haití
67%
2011 Honduras
67%
1988 Hungría
67%
1988 Irak
67%
1989 Irán
67%
2024 Irlanda
67%
1992 Kazajistán
67%
2011 Lesoto
67%
1988 Libia
67%
1988 Madagascar
67%
1988 Malasia
67%
2025 Malta
67%
1988 Marruecos
67%
1988 Mongolia
67%
1988 Mozambique
67%
1988 Namibia
67%
2005 Paraguay
67%
1988 Senegal
67%
2011 Siria
67%
1988 Somalia
67%
1995 Sudáfrica
67%
2014 Suecia
67%
2012 Tailandia
67%
1988 Turquía
67%
1988 Vietnam
67%
1988 Yibuti
67%
1988 Albania
50%
2024 Bahamas
50%
2011 Belice
50%
1988 Bután
50%
1988 Cabo Verde
50%
1988 Camboya
50%
2015 Ciudad del Vaticano
50%
2011 Dominica
50%
1988 Eslovaquia
50%
2024 Eslovenia
50%
1991 Esuatini
50%
1989 Filipinas
50%
1988 Gabón
50%
2013 Guatemala
50%
1988 Guinea-Bisáu
50%
1989 Guinea Ecuatorial
50%
1989 Kenia
50%
1988 Laos
50%
2008 Líbano
50%
1988 Nepal
50%
1988 Nicaragua
50%
1988 República Centroafricana
50%
1989 Ruanda
50%
2025 San Marino
50%
1988 Tanzania
50%
1994 Tayikistán
50%
1992 Turkmenistán
50%
1988 Ucrania
50%
1994 Uzbekistán
50%
1988 Zambia
50%
1988 Zimbabue
50%
1988 Angola
33%
2011 Antigua y Barbuda
33%
2024 Barbados
33%
1989 Benín
33%
1988 Botsuana
33%
1988 Burundi
33%
1988 Comoras
33%
2008 Costa de Marfil
33%
2011 Granada
33%
1995 Kirguistán
33%
1988 Kuwait
33%
2011 Liberia
33%
2025 Luxemburgo
33%
1998 Malaui
33%
1988 Maldivas
33%
1988 Mauricio
33%
2019 San Cristóbal y Nieves
33%
2015 Santa Lucía
33%
1988 Santo Tomé y Príncipe
33%
2011 San Vicente y las Granadinas
33%
1988 Seychelles
33%
1988 Sierra Leona
33%
1988 Sri Lanka
33%
2004 Timor Oriental
33%
2024 Trinidad y Tobago
33%
1988 Túnez
33%
1988 Uganda
33%
1988 Baréin
17%
1988 Catar
17%
1988 Mali
17%
1988 Mauritania
17%
2025 Mónaco
17%
1989 Vanuatu
17%
No se encontraron pruebas coincidentes
Distribución de puntuación
Porcentaje de gente con cada puntuación
Porcentaje por número respondido
Historial de tus puntuaciones
No has intentado esta prueba desde el último reinicio